20 krajów o najwyższym PKB - Statystyki

Ogólne statystyki
  • Ten quiz został rozwiązany 1 352 razy
  • Średni wynik to 17 z 20
Statystyki odpowiedzi
L.P PKB (w milionach USD) Kraj % Poprawnych
1 19 390 600 Stany Zjednoczone
99%
2 12 014 610 Chiny
98%
4 3 684 816 Niemcy
98%
7 2 583 560 Francja
96%
12 1 527 469 Rosja
95%
3 4 872 135 Japonia
93%
10 1 652 412 Kanada
92%
8 2 054 969 Brazylia
91%
5 2 624 529 Wielka Brytania
91%
14 1 313 951 Hiszpania
90%
6 2 611 012 Indie
89%
9 1 937 894 Włochy
88%
15 1 149 236 Meksyk
84%
13 1 379 548 Australia
83%
11 1 538 030 Korea Południowa
76%
19 683 827 Arabia Saudyjska
69%
20 678 575 Szwajcaria
66%
16 1 015 411 Indonezja
64%
17 849 480 Turcja
64%
18 825 745 Holandia
60%
Nie znaleziono quizów pasujących do podanych kryteriów
Rozkład punktacji
Procent ludzi z każdym wynikiem
Percentyl według liczby udzielonych odpowiedzi
Twoja historia wyników
Nie rozwiązałeś tego quizu